000 01067nam0a22002531 4500
001 rc\2814670
005 20250806211027.0
035 _a(NLR Aleph) 006940452
090 _a38599
_c38599
100 _a20110915d1945 u y0rusy50 ca
101 0 _arus
102 _aRU
105 _ay j |||||
200 1 _aСовременная английская музыка
_eСтенограмма публ. лекции проф. Игоря Бэлза, прочит. 21-го февр. 1945 г. в Колонном зале Дома союзов в Москве
_fЛекц. бюро при Ком-те по делам высш. школы при СНК СССР
210 _aМосква
_cТип. "Кр. знамя"
_d1945
215 _a18 с.
_d22 см.
700 1 _aБэлза
_bИ.Ф.
_f1904-1994
_gИгорь Федорович
_3RU\NLR\AUTH\770247604
801 0 _aRU
_bNLR
_gpsbo
801 1 _aRU
_bELAR
_2rusmarc
852 _aNLR
_jИс80 Г-6/9
942 _cBOOK
945 _aРоссийская национальная библиотека
980 _aNB
980 _aBV